000 00499nam a2200193Ia 4500
005 20250423101016.0
008 250422s9999 xx 000 0 und d
020 _a9781496317117
050 _aR 123 .N32/
100 _aNath Judi L.
245 0 _aStedman’s medical terminology
250 _a2nd ed.
260 _aPhiladelphia
260 _bWolters Kluwer
260 _c2017
300 _a804 p
650 _a Medicine--Terminology. Medical sciences--Terminology.
942 _cBK
999 _c35005
_d35005